| 000 | 00318nam a22001337a 4500 | ||
|---|---|---|---|
| 020 | _qHB. | ||
| 040 | _cFIZZA ISHAQ | ||
| 082 |
_a006.454 _bFRE |
||
| 100 |
_aJELIMEK, FREDERICH. _989362 |
||
| 245 |
_aSTATISTICAL METHODS / _bFREDERICH JELIMEK. |
||
| 260 |
_aNEW YORK ; _c1997. |
||
| 300 | _a283 P. ; | ||
| 942 |
_2ddc _cBK |
||
| 999 |
_c588129 _d588129 |
||